Endodontics / (Record no. 119499)

MARC details
000 -LEADER
fixed length control field 00722nam a22002534a 4500
008 - FIXED-LENGTH DATA ELEMENTS--GENERAL INFORMATION
fixed length control field
020 ## - INTERNATIONAL STANDARD BOOK NUMBER
International Standard Book Number 9780702031557 (hbk.)
049 ## - LOCAL HOLDINGS (OCLC)
Holding library MAIN
090 ## - LOCALLY ASSIGNED LC-TYPE CALL NUMBER (OCLC); LOCAL CALL NUMBER (RLIN)
Classification number (OCLC) (R) ; Classification number, CALL (RLIN) (NR) RK351
Local cutter number (OCLC) ; Book number/undivided call number, CALL (RLIN) END
003 - CONTROL NUMBER IDENTIFIER
control field
005 - DATE AND TIME OF LATEST TRANSACTION
control field 20230120204230.0
040 ## - CATALOGING SOURCE
Transcribing agency NUST
245 00 - TITLE STATEMENT
Title Endodontics /
Statement of responsibility, etc. edited by Kishor Gulabivala, and Yuan-Ling Ng.
250 ## - EDITION STATEMENT
Edition statement 4th ed.
300 ## - PHYSICAL DESCRIPTION
Extent ix, 388 p. :
Other physical details ill. (chiefly col.) ;
Dimensions 28 cm
500 ## - GENERAL NOTE
General note Includes index.
504 ## - BIBLIOGRAPHY, ETC. NOTE
Bibliography, etc. note Includes bibliographical references.
650 #0 - SUBJECT ADDED ENTRY--TOPICAL TERM
Topical term or geographic name entry element Endodontics
650 #0 - SUBJECT ADDED ENTRY--TOPICAL TERM
Topical term or geographic name entry element Dental pulp
General subdivision Diseases
700 1# - ADDED ENTRY--PERSONAL NAME
Personal name Gulabivala, Kishor
700 1# - ADDED ENTRY--PERSONAL NAME
Personal name Yuan-Ling, Ng.
907 ## - LOCAL DATA ELEMENT G, LDG (RLIN)
a .b10392737
b 02-10-18
c 24-09-18
942 ## - ADDED ENTRY ELEMENTS (KOHA)
Koha item type Ordinary Loan Books
Call number prefix RK351
Call number suffix END
Holdings
Date last seen Total Checkouts Full call number Barcode Cost, replacement price Price effective from Koha item type Lost status Source of classification or shelving scheme Damaged status Not for loan Collection Withdrawn status Home library Current library Shelving location Date acquired Cost, normal purchase price
01/20/2023   RK351 END 92004044854 80.00 01/20/2023 BOOKS   LCC     NFIC   Medical Medical GEN 01/20/2023 80.00